[Event "Necochea-B"]
[Site "Necochea"]
[Date "2007.02.24"]
[Round "7"]
[White "Hase, Juan Carlos"]
[Black "Cubas, Jose Fernando"]
[Result "1/2-1/2"]
[WhiteElo "2311"]
[BlackElo "2414"]
[PlyCount "111"]
[EventDate "2007.02.20"]
[EventType "tourn"]
[EventRounds "9"]
[EventCountry "ARG"]
[EventCategory "2"]
[SourceTitle "CBM 116 Extra"]
[Source "ChessBase"]
[SourceDate "2007.03.07"]
[SourceVersion "1"]
[SourceVersionDate "2007.03.07"]
[SourceQuality "1"]

1. e4 e6 2. d4 d5 3. Nc3 Nf6 4. e5 Nfd7 5. f4 c5 6. Nf3 Nc6 7. Be3 cxd4 8. Nxd4
Bc5 9. Qd2 O-O 10. O-O-O a6 11. h4 Qe7 12. Nb3 Rb8 13. Nxc5 Nxc5 14. Ne2 Ne4
15. Qe1 f5 16. exf6 Qxf6 17. g3 b5 18. Nd4 e5 19. Nxc6 Qxc6 20. fxe5 Bg4 21.
Rd4 Rbc8 22. Rh2 Nxg3 23. Bd3 Ne4 24. Bxe4 dxe4 25. b3 Qe6 26. Qg3 Rf3 27. Qg1
Qf5 28. Rf2 h5 29. Qh2 Kh7 30. Rxf3 exf3 31. Rd2 Rf8 32. Bf2 Qe4 33. Bg3 Rc8
34. Qf2 Qb4 35. Qd4 Qxd4 36. Rxd4 Bf5 37. Rd2 Be4 38. Kb2 b4 39. e6 Kg6 40. Bd6
Rxc2+ 41. Rxc2 Bxc2 42. e7 Kf7 43. Bc5 Be4 44. Kc1 g5 45. hxg5 h4 46. Kd2 h3
47. Bd6 Bc6 48. Ke3 a5 49. Kf2 Ke6 50. g6 Kxd6 51. g7 h2 52. g8=Q h1=Q 53. Qd8+
Ke5 54. e8=Q+ Bxe8 55. Qxe8+ Kd5 56. Qb5+ 1/2-1/2

[Event "Necochea-B"]
[Site "Necochea"]
[Date "2007.02.24"]
[Round "8"]
[White "Cubas, Jose Fernando"]
[Black "Tristan, Leonardo"]
[Result "1-0"]
[WhiteElo "2414"]
[BlackElo "2317"]
[PlyCount "67"]
[EventDate "2007.02.20"]
[EventType "tourn"]
[EventRounds "9"]
[EventCountry "ARG"]
[EventCategory "2"]
[SourceTitle "CBM 116 Extra"]
[Source "ChessBase"]
[SourceDate "2007.03.07"]
[SourceVersion "1"]
[SourceVersionDate "2007.03.07"]
[SourceQuality "1"]

1. e4 c5 2. Nf3 Nc6 3. d4 cxd4 4. Nxd4 Nf6 5. Nc3 e5 6. Ndb5 d6 7. Bg5 a6 8.
Na3 b5 9. Bxf6 gxf6 10. Nd5 Bg7 11. c3 f5 12. exf5 Bxf5 13. Nc2 Be6 14. g3 O-O
15. Nce3 f5 16. Bg2 Rc8 17. Qh5 Bf7 18. Qxf5 Ne7 19. Nxe7+ Qxe7 20. Be4 Bg6 21.
Qg4 Bxe4 22. Qxe4 Bh6 23. Ng4 Qe6 24. Rd1 Kh8 25. Nxh6 Qxh6 26. O-O Rf6 27. a4
bxa4 28. Qxa4 Rcf8 29. Qxa6 e4 30. Qb6 d5 31. Qc5 Qh3 32. Rxd5 e3 33. Qxe3 Rh6
34. Qd4+ 1-0

[Event "Necochea-B"]
[Site "Necochea"]
[Date "2007.02.25"]
[Round "9"]
[White "Zuriel, Marisa"]
[Black "Cubas, Jose Fernando"]
[Result "1/2-1/2"]
[WhiteElo "2197"]
[BlackElo "2414"]
[PlyCount "46"]
[EventDate "2007.02.20"]
[EventType "tourn"]
[EventRounds "9"]
[EventCountry "ARG"]
[EventCategory "2"]
[SourceTitle "CBM 116 Extra"]
[Source "ChessBase"]
[SourceDate "2007.03.07"]
[SourceVersion "1"]
[SourceVersionDate "2007.03.07"]
[SourceQuality "1"]

1. e4 g6 2. d4 Bg7 3. Nc3 d6 4. Be3 c6 5. f3 b5 6. Qd2 Nd7 7. h4 h6 8. Bd3 Rb8
9. Nge2 Nb6 10. g4 Nc4 11. Bxc4 bxc4 12. Nd1 h5 13. gxh5 Rxh5 14. Ng3 Rh7 15.
h5 gxh5 16. Rxh5 Rxh5 17. Nxh5 Bh8 18. b3 c5 19. c3 cxd4 20. Bxd4 Qa5 21. Ng3
e5 22. b4 Qc7 23. Bf2 Bf6 1/2-1/2

[Event "San Luis zt 2.5"]
[Site "San Luis"]
[Date "2007.03.19"]
[Round "1"]
[White "Mac Donal, Oscar"]
[Black "Cubas, Jose Fernando"]
[Result "0-1"]
[WhiteElo "2015"]
[BlackElo "2414"]
[PlyCount "76"]
[EventDate "2007.03.19"]
[EventType "swiss"]
[EventRounds "9"]
[EventCountry "ARG"]
[SourceTitle "CBM 117 Extra"]
[Source "ChessBase"]
[SourceDate "2007.05.09"]
[SourceVersion "1"]
[SourceVersionDate "2007.05.09"]
[SourceQuality "1"]

1. e4 e6 2. d3 d5 3. Nd2 c5 4. Ngf3 Nc6 5. g3 g6 6. Bg2 Bg7 7. O-O Nge7 8. exd5
exd5 9. d4 cxd4 10. Nb3 Nf5 11. Re1+ Kf8 12. Bf4 h6 13. h4 Kg8 14. Qd2 Kh7 15.
Ne5 Rf8 16. Nxc6 bxc6 17. Be5 Qb6 18. Bxg7 Kxg7 19. Rad1 Rb8 20. Kh2 Bd7 21.
Bh3 c5 22. c3 d3 23. c4 dxc4 24. Qc3+ Qf6 25. Qxf6+ Kxf6 26. Nxc5 Bc6 27. b3
Rb5 28. Na4 Nd4 29. Bg2 Nf3+ 30. Bxf3 Bxf3 31. Rd2 Re5 32. Re3 Rxe3 33. fxe3
Rc8 34. Rf2 c3 35. Rxf3+ Ke5 36. Nxc3 Rxc3 37. Rxf7 Ke4 38. Re7+ Kf3 0-1

[Event "San Luis zt 2.5"]
[Site "San Luis"]
[Date "2007.03.20"]
[Round "2"]
[White "Cubas, Jose Fernando"]
[Black "Ricardi, Pablo"]
[Result "1-0"]
[WhiteElo "2414"]
[BlackElo "2527"]
[PlyCount "89"]
[EventDate "2007.03.19"]
[EventType "swiss"]
[EventRounds "9"]
[EventCountry "ARG"]
[SourceTitle "CBM 117 Extra"]
[Source "ChessBase"]
[SourceDate "2007.05.09"]
[SourceVersion "1"]
[SourceVersionDate "2007.05.09"]
[SourceQuality "1"]

1. e4 c5 2. Nf3 d6 3. d4 cxd4 4. Nxd4 Nf6 5. Nc3 g6 6. Be2 Bg7 7. O-O O-O 8.
Nb3 Nc6 9. Re1 a6 10. Bg5 h6 11. Bh4 b5 12. Bf1 Bb7 13. Rb1 Rc8 14. Bxf6 Bxf6
15. Nd5 Bg7 16. c3 e6 17. Nf4 Ne5 18. Nd4 Qf6 19. g3 Rfd8 20. Bg2 Nc6 21. Nc2
h5 22. a4 Ne5 23. axb5 axb5 24. Nb4 Bf8 25. Qe2 Rb8 26. Ra1 Bc8 27. Nh3 Bd7 28.
f4 Nc4 29. Ng5 Be8 30. h4 Qe7 31. Kh2 Bh6 32. Nf3 Rdc8 33. Rad1 Nb6 34. Rd3 e5
35. f5 gxf5 36. exf5 f6 37. Nd4 Qh7 38. Ndc6 Nc4 39. Nxb8 Rxb8 40. b3 e4 41.
Bxe4 Ne5 42. Rxd6 Qc7 43. Re6 Ng4+ 44. Kh3 Qxc3 45. Rxe8+ 1-0

[Event "San Luis zt 2.5"]
[Site "San Luis"]
[Date "2007.03.20"]
[Round "3"]
[White "Rodriguez Vila, Andres"]
[Black "Cubas, Jose Fernando"]
[Result "1-0"]
[WhiteElo "2538"]
[BlackElo "2414"]
[PlyCount "45"]
[EventDate "2007.03.19"]
[EventType "swiss"]
[EventRounds "9"]
[EventCountry "ARG"]
[SourceTitle "CBM 117 Extra"]
[Source "ChessBase"]
[SourceDate "2007.05.09"]
[SourceVersion "1"]
[SourceVersionDate "2007.05.09"]
[SourceQuality "1"]

1. f4 d5 2. Nf3 g6 3. g3 Bg7 4. Bg2 c6 5. O-O Bg4 6. h3 Qb6+ 7. Kh2 Bxf3 8.
Rxf3 Nd7 9. Nc3 Ngf6 10. d3 d4 11. Ne4 Nd5 12. Qe1 f5 13. Ng5 Nc7 14. Rf2 h6
15. Nf3 Nd5 16. e4 dxe3 17. Re2 O-O-O 18. c4 Nb4 19. Bxe3 c5 20. d4 cxd4 21.
Nxd4 Nd3 22. Qg1 N7c5 23. Nb3 1-0

[Event "San Luis zt 2.5"]
[Site "San Luis"]
[Date "2007.03.21"]
[Round "4"]
[White "Cubas, Jose Fernando"]
[Black "Lafuente, Pablo"]
[Result "1/2-1/2"]
[WhiteElo "2414"]
[BlackElo "2455"]
[PlyCount "52"]
[EventDate "2007.03.19"]
[EventType "swiss"]
[EventRounds "9"]
[EventCountry "ARG"]
[SourceTitle "CBM 117 Extra"]
[Source "ChessBase"]
[SourceDate "2007.05.09"]
[SourceVersion "1"]
[SourceVersionDate "2007.05.09"]
[SourceQuality "1"]

1. e4 c6 2. d4 d5 3. e5 Bf5 4. Nd2 Nd7 5. Nb3 e6 6. Be3 Ne7 7. f4 h5 8. Nf3 h4
9. Be2 Nc8 10. O-O Ncb6 11. Nbd2 Na4 12. c4 Nxb2 13. Qb3 Qb6 14. c5 Qxb3 15.
axb3 Nd3 16. g4 hxg3 17. hxg3 Nb4 18. Bf2 Bd3 19. Bxd3 Nxd3 20. b4 Be7 21. Rfb1
Nxf2 22. Kxf2 a6 23. b5 cxb5 24. Rxb5 O-O-O 25. Rb2 Nb8 26. Nb3 Nc6 1/2-1/2

[Event "San Luis zt 2.5"]
[Site "San Luis"]
[Date "2007.03.22"]
[Round "5"]
[White "Mahia, Gustavo"]
[Black "Cubas, Jose Fernando"]
[Result "0-1"]
[WhiteElo "2424"]
[BlackElo "2414"]
[PlyCount "82"]
[EventDate "2007.03.19"]
[EventType "swiss"]
[EventRounds "9"]
[EventCountry "ARG"]
[SourceTitle "CBM 117 Extra"]
[Source "ChessBase"]
[SourceDate "2007.05.09"]
[SourceVersion "1"]
[SourceVersionDate "2007.05.09"]
[SourceQuality "1"]

1. e4 e6 2. d4 d5 3. Nc3 Nf6 4. e5 Nfd7 5. f4 c5 6. Nf3 Nc6 7. Be3 a6 8. Qd2 b5
9. a3 Bb7 10. h4 Be7 11. h5 Rc8 12. g3 Qc7 13. Rd1 b4 14. axb4 cxd4 15. Nxd4
Bxb4 16. Bg2 Na5 17. Qf2 Nc4 18. Bc1 Nxb2 19. Bxb2 Bxc3+ 20. Bxc3 Qxc3+ 21. Rd2
Nc5 22. O-O Ne4 23. Bxe4 dxe4 24. Re1 O-O 25. Re3 Qc5 26. h6 Rfd8 27. c3 Qa5
28. Rb2 Rd7 29. Qe1 g6 30. Kf2 Bd5 31. Qb1 Rdc7 32. Rb4 Qc5 33. Qa1 Qf8 34.
Qxa6 Qxh6 35. Ne2 Qh2+ 36. Ke1 Ra8 37. Qxa8+ Bxa8 38. Rb8+ Kg7 39. Rxa8 Rb7 40.
Ra2 Qh1+ 41. Kd2 Rb1 0-1

[Event "San Luis zt 2.5"]
[Site "San Luis"]
[Date "2007.03.22"]
[Round "6"]
[White "Cubas, Jose Fernando"]
[Black "Lemos, Damian"]
[Result "0-1"]
[WhiteElo "2414"]
[BlackElo "2439"]
[PlyCount "68"]
[EventDate "2007.03.19"]
[EventType "swiss"]
[EventRounds "9"]
[EventCountry "ARG"]
[SourceTitle "CBM 117 Extra"]
[Source "ChessBase"]
[SourceDate "2007.05.09"]
[SourceVersion "1"]
[SourceVersionDate "2007.05.09"]
[SourceQuality "1"]

1. e4 c5 2. Nf3 Nc6 3. d4 cxd4 4. Nxd4 Nf6 5. Nc3 d6 6. f3 e5 7. Nb3 Be7 8. Be3
O-O 9. Qd2 a5 10. Bb5 Na7 11. Be2 Nc6 12. Rd1 a4 13. Nc1 a3 14. b3 Be6 15. O-O
Nb4 16. Nd3 d5 17. exd5 Nbxd5 18. Nxd5 Nxd5 19. Kh1 Qc7 20. c4 Nxe3 21. Qxe3
Ra5 22. f4 exf4 23. Nxf4 Qe5 24. Qb6 Bc8 25. Nd3 Qg5 26. Nb4 Re5 27. Rd5 Be6
28. Rxe5 Qxe5 29. Bf3 Bd6 30. g3 Bh3 31. Nd3 Qf5 32. Bg2 Bxg2+ 33. Kxg2 Qxd3
34. Qxb7 Bc5 0-1

[Event "San Luis zt 2.5"]
[Site "San Luis"]
[Date "2007.03.23"]
[Round "7"]
[White "Flores Rios, Mauricio"]
[Black "Cubas, Jose Fernando"]
[Result "0-1"]
[WhiteElo "2320"]
[BlackElo "2414"]
[PlyCount "122"]
[EventDate "2007.03.19"]
[EventType "swiss"]
[EventRounds "9"]
[EventCountry "ARG"]
[SourceTitle "CBM 117 Extra"]
[Source "ChessBase"]
[SourceDate "2007.05.09"]
[SourceVersion "1"]
[SourceVersionDate "2007.05.09"]
[SourceQuality "1"]

1. e4 e6 2. d4 d5 3. Nc3 Nf6 4. e5 Nfd7 5. f4 c5 6. Nf3 Nc6 7. Be3 a6 8. Qd2 b5
9. a3 Bb7 10. Be2 Qb6 11. O-O cxd4 12. Nxd4 Nxd4 13. Bxd4 Qxd4+ 14. Qxd4 Bc5
15. Rfd1 Ke7 16. Qxc5+ Nxc5 17. Rd4 Rhc8 18. Bf3 Nd7 19. Re1 Nb6 20. Be2 Rc7
21. Bd3 g6 22. g4 f5 23. exf6+ Kxf6 24. h4 Rac8 25. g5+ Kf7 26. h5 Nc4 27.
hxg6+ hxg6 28. Nd1 Na5 29. Nc3 Nc6 30. Bxg6+ Kxg6 31. Rxe6+ Kg7 32. Rd2 Ne7 33.
Ne2 Nf5 34. Nd4 Nxd4 35. Rxd4 Rf8 36. c3 Rc4 37. Rb6 Bc8 38. Rxc4 dxc4 39. a4
Rxf4 40. axb5 axb5 41. Rxb5 Be6 42. Kg2 Kg6 43. Rb6 Kf5 44. Kg3 Rg4+ 45. Kf3
Rxg5 46. Ke3 Rg4 47. Rb5+ Kf6 48. Rb6 Ke5 49. Rb5+ Bd5 50. Rb8 Rg8 51. Rb5 Rg3+
52. Kf2 Rh3 53. b3 cxb3 54. c4 Kd4 55. cxd5 Kc4 56. Rb8 Rd3 57. Rc8+ Kb4 58.
Rb8+ Kc3 59. Rc8+ Kd2 60. Rb8 Kc2 61. Rb5 b2 0-1

[Event "San Luis zt 2.5"]
[Site "San Luis"]
[Date "2007.03.24"]
[Round "8"]
[White "Cubas, Jose Fernando"]
[Black "Hobaica, Juan Pablo"]
[Result "0-1"]
[WhiteElo "2414"]
[BlackElo "2367"]
[PlyCount "36"]
[EventDate "2007.03.19"]
[EventType "swiss"]
[EventRounds "9"]
[EventCountry "ARG"]
[SourceTitle "CBM 117 Extra"]
[Source "ChessBase"]
[SourceDate "2007.05.09"]
[SourceVersion "1"]
[SourceVersionDate "2007.05.09"]
[SourceQuality "1"]

1. e4 e5 2. Ne2 Nf6 3. Nbc3 Bc5 4. h3 d5 5. exd5 Nxd5 6. Nxd5 Qxd5 7. Nc3 Qd8
8. Bb5+ Bd7 9. Qh5 O-O 10. Bc4 Nc6 11. d3 Nd4 12. Bg5 Be7 13. h4 Nxc2+ 14. Kd2
Nxa1 15. Nd5 Bxg5+ 16. hxg5 Bf5 17. g4 Bg6 18. Qh4 b5 0-1

[Event "San Luis zt 2.5"]
[Site "San Luis"]
[Date "2007.03.25"]
[Round "9"]
[White "Cubas, Jose Fernando"]
[Black "Peralta, Fernando"]
[Result "0-1"]
[WhiteElo "2414"]
[BlackElo "2549"]
[PlyCount "112"]
[EventDate "2007.03.19"]
[EventType "swiss"]
[EventRounds "9"]
[EventCountry "ARG"]
[SourceTitle "CBM 117 Extra"]
[Source "ChessBase"]
[SourceDate "2007.05.09"]
[SourceVersion "1"]
[SourceVersionDate "2007.05.09"]
[SourceQuality "1"]

1. e4 d6 2. d4 g6 3. Nc3 Nf6 4. Be3 Bg7 5. h3 O-O 6. Nf3 c6 7. a4 Nbd7 8. Be2
Qc7 9. Nd2 e5 10. dxe5 Nxe5 11. f4 Ned7 12. O-O b6 13. Qe1 Bb7 14. Qh4 Rae8 15.
Rae1 Nd5 16. Nxd5 cxd5 17. f5 Bf6 18. Bg5 Bxg5 19. Qxg5 dxe4 20. Bb5 Bc6 21. f6
Bxb5 22. axb5 Qc5+ 23. Qxc5 Nxc5 24. b4 e3 25. Nc4 e2 26. Rf3 Ne4 27. Rxe2 d5
28. Ne3 Nc3 29. Rd2 d4 30. Nd1 Re1+ 31. Rf1 Rxf1+ 32. Kxf1 Nxb5 33. Re2 Rc8 34.
Re5 a6 35. Re7 h5 36. Nf2 Nc3 37. Rd7 Rc6 38. Rd8+ Kh7 39. Rxd4 Rxf6 40. g4
hxg4 41. hxg4 Nb5 42. Rd7 Rf4 43. c4 Nc3 44. Kg2 Rxc4 45. Rxf7+ Kh6 46. Ra7
Rxb4 47. Rxa6 Rb2 48. Kg3 Rb3 49. Kf4 Ne2+ 50. Ke4 Kg5 51. Ra8 Ng3+ 52. Kd4 Rf3
53. Nd3 Rf6 54. Ne5 Kf4 55. Rb8 Ne2+ 56. Kd5 Nc3+ 0-1

[Event "Mar del Plata op 38th"]
[Site "Mar del Plata"]
[Date "2007.04.01"]
[Round "2"]
[White "Lo Presti, Roberto"]
[Black "Cubas, Jose Fernando"]
[Result "0-1"]
[WhiteElo "2091"]
[BlackElo "2414"]
[PlyCount "60"]
[EventDate "2007.03.31"]
[EventType "swiss"]
[EventRounds "9"]
[EventCountry "ARG"]
[SourceTitle "CBM 117 Extra"]
[Source "ChessBase"]
[SourceDate "2007.05.09"]
[SourceVersion "1"]
[SourceVersionDate "2007.05.09"]
[SourceQuality "1"]

1. e4 e6 2. d4 d5 3. Nc3 Nf6 4. e5 Nfd7 5. f4 c5 6. Nf3 Nc6 7. Be3 a6 8. Qd2 b5
9. dxc5 Bxc5 10. Nd4 Qb6 11. Nce2 b4 12. g3 a5 13. Rd1 O-O 14. Bh3 Ba6 15. Kf2
Rac8 16. Nxe6 fxe6 17. Bxe6+ Rf7 18. Bxf7+ Kxf7 19. e6+ Kxe6 20. Qxd5+ Kf6 21.
Qg5+ Ke6 22. f5+ Ke5 23. Qxg7+ Nf6 24. Nd4 Nxd4 25. Rhe1 Ne2 26. Rxe2 Bxe2 27.
Bxc5 Qxc5+ 28. Kxe2 Qxc2+ 29. Rd2 Qe4+ 30. Kf2 Rc2 0-1

[Event "Mar del Plata op 38th"]
[Site "Mar del Plata"]
[Date "2007.04.01"]
[Round "3"]
[White "Cubas, Jose Fernando"]
[Black "Aguilar, Andres"]
[Result "1-0"]
[WhiteElo "2414"]
[BlackElo "2258"]
[PlyCount "67"]
[EventDate "2007.03.31"]
[EventType "swiss"]
[EventRounds "9"]
[EventCountry "ARG"]
[SourceTitle "CBM 117 Extra"]
[Source "ChessBase"]
[SourceDate "2007.05.09"]
[SourceVersion "1"]
[SourceVersionDate "2007.05.09"]
[SourceQuality "1"]

1. e4 c5 2. Nf3 Nc6 3. d4 cxd4 4. Nxd4 Nf6 5. Nc3 e5 6. Ndb5 d6 7. Bg5 a6 8.
Na3 b5 9. Bxf6 gxf6 10. Nd5 Bg7 11. c3 f5 12. exf5 Bxf5 13. Nc2 Be6 14. g3 O-O
15. Nce3 f5 16. Bh3 Rb8 17. O-O Qd7 18. f4 e4 19. Rf2 b4 20. Qa4 bxc3 21. bxc3
Rb5 22. Rd1 Qa7 23. Bf1 Rc5 24. Qxa6 Qxa6 25. Bxa6 Bxc3 26. Nxc3 Rxc3 27. Rxd6
Kf7 28. Rc2 Rxc2 29. Nxc2 Ne7 30. a4 Bb3 31. Nd4 Bxa4 32. Bc4+ Ke8 33. Ne6 Kf7
34. Nc5+ 1-0

[Event "Mar del Plata op 38th"]
[Site "Mar del Plata"]
[Date "2007.04.06"]
[Round "8"]
[White "Barrionuevo, Pablo"]
[Black "Cubas, Jose Fernando"]
[Result "0-1"]
[WhiteElo "2296"]
[BlackElo "2414"]
[PlyCount "72"]
[EventDate "2007.03.31"]
[EventType "swiss"]
[EventRounds "9"]
[EventCountry "ARG"]
[SourceTitle "CBM 117 Extra"]
[Source "ChessBase"]
[SourceDate "2007.05.09"]
[SourceVersion "1"]
[SourceVersionDate "2007.05.09"]
[SourceQuality "1"]

1. d4 d5 2. c4 e6 3. Nc3 Nf6 4. Nf3 Nbd7 5. Bf4 Bb4 6. cxd5 exd5 7. a3 Bxc3+ 8.
bxc3 O-O 9. e3 c5 10. Qc2 c4 11. Be2 Re8 12. Nd2 Nf8 13. O-O Ng6 14. Bg3 Ne7
15. Bf3 Bf5 16. Qb2 Bd3 17. Rfe1 Ne4 18. Bh4 f6 19. Nxe4 dxe4 20. Bh5 g6 21.
Bg4 f5 22. Bd1 Qb6 23. Qd2 Nd5 24. Ba4 Re6 25. Rec1 Qa5 26. Bd1 Rae8 27. Ra2
Rb6 28. Bg3 Re7 29. Bh4 Re8 30. Bg3 Rc8 31. Be5 Rcc6 32. f3 Rb1 33. Rxb1 Bxb1
34. Rb2 Rb6 35. fxe4 Bxe4 36. Rb4 Qxa3 0-1

[Event "Mar del Plata op 38th"]
[Site "Mar del Plata"]
[Date "2007.04.07"]
[Round "9"]
[White "Cubas, Jose Fernando"]
[Black "Fidel, Roberto Oscar"]
[Result "1-0"]
[WhiteElo "2414"]
[BlackElo "2205"]
[PlyCount "89"]
[EventDate "2007.03.31"]
[EventType "swiss"]
[EventRounds "9"]
[EventCountry "ARG"]
[SourceTitle "CBM 117 Extra"]
[Source "ChessBase"]
[SourceDate "2007.05.09"]
[SourceVersion "1"]
[SourceVersionDate "2007.05.09"]
[SourceQuality "1"]

1. e4 e5 2. Nf3 Nc6 3. Bc4 Nf6 4. d3 Be7 5. O-O O-O 6. Re1 d5 7. exd5 Nxd5 8.
Nxe5 Nxe5 9. Rxe5 c6 10. Nd2 Bd6 11. Re1 Qh4 12. g3 Qh3 13. Ne4 Bc7 14. d4 h5
15. Ng5 Qg4 16. Be2 Qf5 17. Bd3 Qg4 18. Bd2 h4 19. Qxg4 Bxg4 20. c4 Nf6 21. h3
Bd7 22. g4 Rad8 23. Nf3 b5 24. b3 bxc4 25. bxc4 Bc8 26. Bc3 Bb6 27. Rad1 Rfe8
28. Rxe8+ Nxe8 29. Nxh4 g6 30. Nf3 Ng7 31. Ne5 Bb7 32. Be4 Ne6 33. Bxc6 Nxd4
34. Bxd4 Rxd4 35. Rxd4 Bxd4 36. Nxg6 fxg6 37. Bxb7 g5 38. Kg2 Kg7 39. h4 gxh4
40. f4 Be3 41. Kf3 Bg1 42. g5 h3 43. f5 h2 44. Kg4 Bd4 45. f6+ 1-0

[Event "Sao Jose do Rio Preto 06th"]
[Site "Sao Jose do Rio Preto"]
[Date "2007.04.19"]
[Round "1"]
[White "Cubas, Jose Fernando"]
[Black "Batista, Gerson Peres"]
[Result "1-0"]
[WhiteElo "2447"]
[BlackElo "2240"]
[PlyCount "51"]
[EventDate "2007.04.19"]
[EventType "tourn"]
[EventRounds "11"]
[EventCountry "BRA"]
[EventCategory "4"]
[SourceTitle "CBM 118 Extra"]
[Source "ChessBase"]
[SourceDate "2007.07.04"]
[SourceVersion "1"]
[SourceVersionDate "2007.07.04"]
[SourceQuality "1"]

1. e4 e5 2. Nf3 Nc6 3. Bb5 f5 4. d3 fxe4 5. dxe4 Nf6 6. O-O d6 7. Nc3 Be7 8.
Re1 O-O 9. Bc4+ Kh8 10. Ng5 Qe8 11. Nd5 Bd8 12. f4 h6 13. Nf3 Bg4 14. h3 Bxf3
15. Qxf3 Nd4 16. Qd1 Nxd5 17. exd5 Bh4 18. Re4 Qg6 19. Bd3 Qg3 20. Bd2 Rxf4 21.
Bxf4 exf4 22. Qh5 Rf8 23. Rxd4 Qf2+ 24. Kh1 Qxd4 25. Qxh4 Qxd5 26. Qe7 1-0

[Event "Sao Jose do Rio Preto 06th"]
[Site "Sao Jose do Rio Preto"]
[Date "2007.04.20"]
[Round "2"]
[White "Dolezal, Cristian"]
[Black "Cubas, Jose Fernando"]
[Result "0-1"]
[WhiteElo "2414"]
[BlackElo "2447"]
[PlyCount "85"]
[EventDate "2007.04.19"]
[EventType "tourn"]
[EventRounds "11"]
[EventCountry "BRA"]
[EventCategory "4"]
[SourceTitle "CBM 118 Extra"]
[Source "ChessBase"]
[SourceDate "2007.07.04"]
[SourceVersion "1"]
[SourceVersionDate "2007.07.04"]
[SourceQuality "1"]

1. e4 e6 2. d4 d5 3. e5 c5 4. Nf3 Nc6 5. Bd3 cxd4 6. O-O Nge7 7. Re1 Ng6 8. a3
Qc7 9. Qe2 Be7 10. g3 Bd7 11. h4 f6 12. Bxg6+ hxg6 13. Bf4 Qd8 14. Qd3 Kf7 15.
Nbd2 Rh5 16. g4 Rh8 17. Kg2 Rc8 18. Nb3 a5 19. Rh1 a4 20. Nbxd4 Nxd4 21. Nxd4
fxe5 22. Bxe5 Rxh4 23. Rxh4 Bxh4 24. f4 Bf6 25. Rf1 Qb6 26. g5 Be7 27. Qh3 Qxb2
28. Rf2 Qxa3 29. Qh7 Bf8 30. Nf3 d4 31. Bxg7 Qxf3+ 32. Rxf3 Bxg7 33. Qh1 Rxc2+
34. Kg3 Bc6 35. Qb1 Rc3 36. Rxc3 dxc3 37. Qb4 c2 38. Qc4 Be4 39. Qc7+ Kg8 40.
Qc4 Bf5 41. Qc8+ Kh7 42. Qc4 b5 43. Qc6 0-1

[Event "Sao Jose do Rio Preto 06th"]
[Site "Sao Jose do Rio Preto"]
[Date "2007.04.21"]
[Round "3"]
[White "Cubas, Jose Fernando"]
[Black "Stamenkovic, Dragan"]
[Result "1-0"]
[WhiteElo "2447"]
[BlackElo "2423"]
[PlyCount "65"]
[EventDate "2007.04.19"]
[EventType "tourn"]
[EventRounds "11"]
[EventCountry "BRA"]
[EventCategory "4"]
[SourceTitle "CBM 118 Extra"]
[Source "ChessBase"]
[SourceDate "2007.07.04"]
[SourceVersion "1"]
[SourceVersionDate "2007.07.04"]
[SourceQuality "1"]

1. e4 c5 2. Nf3 Nc6 3. d4 cxd4 4. Nxd4 g6 5. Nc3 Bg7 6. Nb3 Bxc3+ 7. bxc3 Nf6
8. Qe2 Qc7 9. Bb2 b6 10. O-O-O Bb7 11. c4 d6 12. f4 O-O-O 13. g3 Kb8 14. Bg2 e5
15. Rhf1 Nd7 16. Rd5 Rhe8 17. Rfd1 Nc5 18. Qd2 exf4 19. Bf6 Rd7 20. Nxc5 bxc5
21. Bh3 Nd4 22. c3 Bxd5 23. cxd5 Nf3 24. Qb2+ Ka8 25. Qb5 Rde7 26. gxf4 Rb8 27.
Qc6+ Qxc6 28. dxc6 Rxe4 29. c7 Rxf4 30. Be7 Re8 31. Bd7 Kb7 32. Bd8 Ree4 33.
Bc6+ 1-0

[Event "Sao Jose do Rio Preto 06th"]
[Site "Sao Jose do Rio Preto"]
[Date "2007.04.22"]
[Round "4"]
[White "Oliveira, Silvio Eduardo"]
[Black "Cubas, Jose Fernando"]
[Result "1-0"]
[WhiteElo "2187"]
[BlackElo "2447"]
[PlyCount "139"]
[EventDate "2007.04.19"]
[EventType "tourn"]
[EventRounds "11"]
[EventCountry "BRA"]
[EventCategory "4"]
[SourceTitle "CBM 118 Extra"]
[Source "ChessBase"]
[SourceDate "2007.07.04"]
[SourceVersion "1"]
[SourceVersionDate "2007.07.04"]
[SourceQuality "1"]

1. e4 c5 2. Nf3 a6 3. c4 d6 4. d4 Bg4 5. d5 e5 6. Nc3 g6 7. Be2 Bxf3 8. Bxf3
Bh6 9. Bxh6 Nxh6 10. h4 f5 11. exf5 gxf5 12. Bh5+ Kd7 13. Qd2 Qf6 14. Na4 Ke7
15. Nb6 Ra7 16. b4 cxb4 17. Qxb4 e4 18. Rd1 a5 19. Qd2 Nd7 20. Nxd7 Kxd7 21.
Qe3 b6 22. Qxb6 Qc3+ 23. Kf1 Rc7 24. Be2 f4 25. Rh3 f3 26. gxf3 Nf5 27. Qb3 Qg7
28. fxe4 Rg8 29. Bf3 Kc8 30. exf5 Qg1+ 31. Ke2 Re8+ 32. Kd2 Qxf2+ 33. Kc1 Rb7
34. Qc2 Qe3+ 35. Rd2 Qa3+ 36. Kd1 Rbe7 37. Qb2 Qe3 38. Qd4 Qe1+ 39. Kc2 Rb7 40.
Rh1 Qg3 41. Rf1 Qh3 42. Qd3 Rbe7 43. Bh5 Re3 44. Qd4 Qxf1 45. Bxe8 Qxf5+ 46.
Kb2 Rxe8 47. Rf2 Qe4 48. Qb6 Qe5+ 49. Kb3 Qe7 50. Qc6+ Kb8 51. Ka4 Ka7 52. Rb2
Rb8 53. Rxb8 Kxb8 54. Kxa5 h5 55. Kb5 Ka7 56. Qb6+ Ka8 57. Qc6+ Ka7 58. a4 Qg7
59. Qb6+ Ka8 60. Qa6+ Kb8 61. Qxd6+ Ka7 62. Qb6+ Ka8 63. Qc6+ Kb8 64. Qd6+ Ka7
65. Qb6+ Ka8 66. Qc6+ Kb8 67. Ka6 Qe7 68. c5 Qf7 69. Qd6+ Kc8 70. Qe6+ 1-0

[Event "Sao Jose do Rio Preto 06th"]
[Site "Sao Jose do Rio Preto"]
[Date "2007.04.23"]
[Round "5"]
[White "Cubas, Jose Fernando"]
[Black "Navarrete, Daniel"]
[Result "1-0"]
[WhiteElo "2447"]
[BlackElo "2115"]
[PlyCount "49"]
[EventDate "2007.04.19"]
[EventType "tourn"]
[EventRounds "11"]
[EventCountry "BRA"]
[EventCategory "4"]
[SourceTitle "CBM 118 Extra"]
[Source "ChessBase"]
[SourceDate "2007.07.04"]
[SourceVersion "1"]
[SourceVersionDate "2007.07.04"]
[SourceQuality "1"]

1. e4 e6 2. d4 d5 3. e5 c5 4. c3 Nc6 5. Nf3 Bd7 6. Bd3 c4 7. Bc2 Be7 8. O-O f5
9. exf6 Nxf6 10. Re1 O-O 11. Nbd2 Bd6 12. Nf1 Qc7 13. Qe2 b5 14. Ng3 a5 15. Ne5
Bc8 16. Bg5 Nd8 17. Rad1 b4 18. Bb1 bxc3 19. bxc3 a4 20. Qc2 a3 21. h4 Rb8 22.
h5 Rb2 23. Qc1 Nxh5 24. Nxh5 Rfxf2 25. Rd2 1-0